00485nam a2200181Ia 4500003000400000005001700004008004100021020002900062040001700091082002200108100001700130245006300147250001200210260002500222300001700247650001700264700002200281IIN20240205114606.0231217s9999 xx 000 0 und d cRs.850.00a9788123929774 aIINbEnglish a579 bARO1 aArora, D.R. 1 aTextbook of Microbiology /cD.R. Arora and Brij Bala Arora a5th ed  bCBSaNew Delhic2016 axiii, 682 p.1 aMicrobiology1 aArora, Brij Bala